00808nam a2200229Ia 4500003000400000005001700004008004100021040000700062041001200069082001600081100006200097245005100159260004600210300001500256365001200271563000700283650002600290906010700316942001200423999001900435952012400454OSt20240401094925.0210707s2000 xx 000 0 und d cAL aKannada aK894.4 NAYH aNAYAKA (Ha Ma), Ed9132945dನಾಯಕ (ಹಾ ಮಾ)  aHakkiya payana.bಹಕ್ಕಿಯ ಪಯಣ  aBengalurubVishva Kannada Sammelanac2000 aviii,230 p b30cINR aPB aKannada Prose9132946 aDiviji Binduraya Narasimhacharya Vasudevayya Panje Shrikanthayya Puttanna Shetti Mirja Gundappa_x000D_ 2ddccBK c180197d180197 001040708Kannada LiteratureaALbALd2003-03-19g30.00l0oK894.4 NAYHpBB04099r2021-07-08 00:00:00w2021-07-08yBB